00739nam a22002057a 4500999001900000005001700019010001500036020002600051035001400077037001300091082001000104100001700114245006300131260004100194270010400235300003100339500001900370942002400389952012000413 c166060d16606020190711170543.0 aENG-125879 a9789353433697c679.00 aEN-109411 bDBAD/PUB a532.5 aMahesh Kumar aFluid mechanics and hydraulic machines /cby Mahesh Kumar aNoidabPearson India Educationc2019 a15th Floor, Tower-B World Trade Tower, Plot No. 1 Block- C, Sector-16bNoida, Uttar Pradeshe201301 avarious paging.c25cm(pbk) aIncludes index 2ddccENh532.5mMAH 001040708NFICaBNbBNd2019-07-11eDBAD/PUBg679.00l0o532.5 MAHpEN-109411r2019-07-11 00:00:00t1v679.00yEN